Statistics for American Pie Lyrics Quiz

Click here to take the quiz!

General Stats

  • This quiz has been taken 15,133 times
    (14,365 since last reset)
  • The average score is 51 of 84

Answer Stats

Lyric% Correct
A long, long {time} {ago}
97%
So bye, bye, Miss {American} {Pie}
96%
This will be the day that {I} {die}"
95%
Singin', "This will be the day that {I} {die}
95%
And them good ole boys were drinking {whiskey} and rye
95%
Drove my Chevy to the {levee} but the {levee} was dry
94%
I can still {remember}
93%
The day the {music} {died}
92%
That I could make those people {dance}
86%
We all got up to {dance}
86%
But something touched me {deep} {inside}
83%
And do you have faith in {God} {above}
83%
Oh, but we never got the {chance}
82%
I couldn't take {one} {more} step
82%
And I knew if I had my {chance}
82%
And maybe they'd be happy {for} {a} {while}
81%
Did you write the {book} {of} {love}
80%
I can't remember if I {cried}
79%
How that music used to make me {smile}
78%
Well I know that you're {in} {love} with him
77%
'Cause I saw you dancin' in the {gym}
77%
If the {Bible} tells you so
76%
When I read about his {widowed} bride
75%
Do you believe in {rock} {and} {roll}
75%
And can you teach me how to dance {real} {slow}
73%
But {February} made me shiver
73%
And moss grows fat on a {rolling} {stone}
72%
Man, I {dig} those rhythm and blues
70%
But I knew I was {out} {of} {luck}
70%
With every {paper} I'd deliver
70%
With a pink {carnation} and a pickup truck
69%
In a coat he borrowed from {James} {Dean}
69%
You both {kicked} {off} your shoes
68%
Can music save your {mortal} {soul}
68%
When the jester sang for the {king} {and} {queen}
68%
So come on, Jack be {nimble}, Jack be quick
67%
I was a lonely {teenage} broncin' buck
66%
{Bad} {news} on the doorstep
65%
The {courtroom} was adjourned
63%
The Father, Son, and the {Holy} {Ghost}
62%
Jack Flash sat on a {candlestick}
62%
Now for {ten} {years} we've been on our own
59%
No {verdict} was returned
59%
But that's not how it {used} {to} {be}
58%
Oh and while the king was {looking} {down}
58%
The jester stole his {thorny} crown
58%
And while Lennon read a book on {Marx}
56%
The players tried for a {forward} pass
53%
{Helter} {skelter} in the summer swelter
53%
{Eight} miles high and falling fast
50%
The {marching} {band} refused to yield
50%
My hands were clenched in {fists} {of} {rage}
50%
They caught the {last} {train} for the coast
49%
I met a girl who {sang} {the} {blues}
49%
The bird flew off with a {fallout} shelter
48%
Could break that {Satan}'s spell
48%
The quartet {practiced} in the park
47%
And I asked her for some {happy} {news}
47%
No {angel} born in hell
47%
Now the half-time air was {sweet} {perfume}
47%
A {generation} lost in space
46%
{Not} {a} {word} was spoken
46%
'Cause {fire} is the devil's only friend
46%
Cause the {players} tried to take the field
45%
And a {voice} that came from you and me
45%
To light the {sacrificial} rite
44%
I saw Satan {laughing} with delight
44%
Do you {recall} what was revealed
44%
And the {three} {men} I admire most
43%
She just smiled and {turned} {away}
43%
And in the streets, the {children} screamed
43%
The lovers cried, and the {poets} dreamed
43%
Oh and as I watched him on the {stage}
42%
But the man there said the music {wouldn}'{t} {play}
42%
With the {jester} on the sidelines in a cast
41%
Where I'd heard the music {years} {before}
41%
The {church} {bells} all were broken
41%
Oh, and there we were all in {one} {place}
40%
And we sang {dirges} in the dark
39%
With no time left to {start} {again}
35%
I went down to the {sacred} store
35%
And as the flames {climbed} high into the night
29%
While the {sergeants} played a marching tune
24%
It landed {foul} on the grass
20%

Score Distribution

Percentile by Number Answered

Percent of People with Each Score

Your Score History

You have not taken this quiz since the last reset